[Event "K41 Aabent Mesterskab 2007-08"]
[Site "Valby"]
[Date "2008.01.22"]
[Round "5"]
[White "Ringsborg, Allan"]
[Black "Jorgensen, Orla Eilegaard"]
[Result "1-0"]
[WhiteElo "1522"]
[BlackElo "1447"]
[PlyCount "73"]
[EventDate "2007.??.??"]

1. b3 c5 2. c4 Nf6 3. g3 d5 4. d3 g6 5. Bb2 Bg7 6. Bg2 d4 7. h3 e5 8. Bc1 O-O
9. Bd2 Qc7 10. a3 Bd7 11. b4 cxb4 12. axb4 Bc6 13. Nf3 b5 14. c5 Re8 15. O-O
Nbd7 16. Qc1 Nd5 17. e4 dxe3 18. fxe3 e4 19. Nd4 exd3 20. Ra3 Qxg3 21. Nxc6 Ne5
22. Qe1 Qxe1 23. Rxe1 Nc4 24. Rxd3 Nc7 25. Rd7 Ne6 26. Ne7+ Kf8 27. Bxa8 Rxa8
28. Nc6 Ng5 29. Kg2 Rc8 30. Rd8+ Rxd8 31. Nxd8 Ne4 32. Bc1 a6 33. Nc6 Bf6 34.
Rd1 Ke8 35. Kf3 Ng5+ 36. Kg2 Ne4 37. Na3 1-0

[Event "K41 Aabent Mesterskab 2007-08"]
[Site "Valby"]
[Date "2008.01.22"]
[Round "5"]
[White "Walli, Aqil Raad"]
[Black "Hou, Mads"]
[Result "1-0"]
[WhiteElo "1660"]
[BlackElo "1465"]
[PlyCount "49"]
[EventDate "2007.??.??"]

1. e4 e5 2. Nf3 f5 3. d3 Nc6 4. Nc3 Nf6 5. exf5 Bc5 6. Be3 Bxe3 7. fxe3 d5 8.
e4 d4 9. Ne2 Ng4 10. c3 Ne3 11. Qd2 O-O 12. cxd4 Nxd4 13. Nexd4 exd4 14. h3 c5
15. Rc1 b6 16. Kf2 Bb7 17. Be2 Rc8 18. b4 c4 19. Nxd4 Nxg2 20. Ne6 Qh4+ 21.
Kxg2 Rxf5 22. Bg4 Re5 23. Qf4 Rg5 24. Nxg5 Rf8 25. Be6+ 1-0

[Event "K41 Aabent Mesterskab 2007-08"]
[Site "Valby"]
[Date "2008.01.29"]
[Round "6"]
[White "Abildgaard, Kenneth"]
[Black "Rasmussen, Morten(1956)"]
[Result "1-0"]
[WhiteElo "1561"]
[BlackElo "1753"]
[PlyCount "57"]
[EventDate "2007.??.??"]

1. c4 e5 2. g3 Nc6 3. Bg2 d6 4. Nc3 f5 5. e4 Nf6 6. d3 g6 7. Nf3 Bg7 8. Nd5
fxe4 9. Nxf6+ Qxf6 10. dxe4 O-O 11. Bg5 Qf7 12. Be3 Qxc4 13. Nd2 Qf7 14. O-O
Be6 15. f4 exf4 16. Bxf4 Bd4+ 17. Kh1 Qg7 18. Nf3 Bxb2 19. Ng5 Qd7 20. Rb1 Bd4
21. Rxb7 Bb6 22. Nxe6 Qxe6 23. e5 dxe5 24. Bd5 Nd4 25. Bxe6+ Nxe6 26. Bxe5 Rad8
27. Rxf8+ Kxf8 28. Qf3+ Ke7 29. Bf6+ 1-0

[Event "K41 Aabent Mesterskab 2007-08"]
[Site "Valby"]
[Date "2008.01.29"]
[Round "6"]
[White "Brondum, Eric"]
[Black "Taylor, Ralph"]
[Result "0-1"]
[WhiteElo "2111"]
[BlackElo "1840"]
[PlyCount "68"]
[EventDate "2007.??.??"]

1. d4 d5 2. Nf3 c6 3. c4 Nf6 4. Nc3 e6 5. Bg5 Nbd7 6. cxd5 exd5 7. e3 Be7 8.
Bd3 O-O 9. Qc2 Re8 10. O-O Nf8 11. Ne5 Ng4 12. Bf4 Bg5 13. h3 Bxf4 14. exf4 Nf6
15. Rfe1 Nh5 16. Ne2 Qh4 17. Nf3 Qf6 18. Ng3 Rxe1+ 19. Rxe1 Nxf4 20. Nh5 Nxh5
21. Bxh7+ Kh8 22. Re8 Bf5 23. Rxa8 Bxc2 24. Bxc2 Qe7 25. Ne5 Nf6 26. Bg6 Kg8
27. Bxf7+ Kh7 28. g4 N6d7 29. Re8 Qb4 30. Nf3 g6 31. Kg2 Kg7 32. Ng5 Nf6 33. a3
Qd6 34. Be6 Nxe8 0-1

[Event "K41 Aabent Mesterskab 2007-08"]
[Site "Valby"]
[Date "2008.01.29"]
[Round "6"]
[White "Christensen, Aage Niels"]
[Black "Mikkelsen, Henning Peter"]
[Result "1/2-1/2"]
[WhiteElo "1460"]
[BlackElo "1287"]
[PlyCount "48"]
[EventDate "2007.??.??"]

1. d4 f5 2. c4 Nf6 3. Nc3 e6 4. g3 Be7 5. Bg2 O-O 6. Nf3 d6 7. O-O Qe8 8. Re1
c6 9. b4 Nbd7 10. Qb3 Nb6 11. a4 d5 12. cxd5 exd5 13. Ne5 Bd6 14. f4 Kh8 15.
Ba3 Ne4 16. a5 Nd7 17. Nxe4 fxe4 18. Rab1 Rf6 19. b5 Bc7 20. bxc6 bxc6 21. Qa4
Qe6 22. Rec1 Nb8 23. e3 Ba6 24. Rb2 Bb5 1/2-1/2

[Event "K41 Aabent Mesterskab 2007-08"]
[Site "Valby"]
[Date "2008.01.29"]
[Round "6"]
[White "Hansen, John Laurids"]
[Black "Hansen, Soren Otto"]
[Result "1-0"]
[WhiteElo "1660"]
[BlackElo "1541"]
[PlyCount "77"]
[EventDate "2007.??.??"]

1. e4 e5 2. Nf3 Nc6 3. Bc4 Bc5 4. Nc3 h6 5. d3 d6 6. Na4 Bb4+ 7. c3 Ba5 8. b4
Bb6 9. Qb3 Qe7 10. O-O Nf6 11. Nxb6 axb6 12. Qc2 Bg4 13. Ne1 O-O 14. f3 Bd7 15.
f4 Kh8 16. Nf3 Nh7 17. Qf2 f6 18. Nh4 Qe8 19. f5 Ne7 20. Qg3 Ng5 21. Bd2 b5 22.
Bb3 Rd8 23. Rf2 Bc6 24. Bxg5 fxg5 25. Nf3 Ng8 26. h4 gxh4 27. Nxh4 Rf6 28. Raf1
h5 29. Ng6+ Kh7 30. Qg5 Nh6 31. Qxh5 d5 32. exd5 Bxd5 33. Bxd5 Rxd5 34. Rf3 Kg8
35. g4 Qd7 36. g5 Rxf5 37. Rxf5 Nxf5 38. Rxf5 Qxf5 39. Ne7+ 1-0

[Event "K41 Aabent Mesterskab 2007-08"]
[Site "Valby"]
[Date "2008.01.29"]
[Round "6"]
[White "Hoj, Torben Kjaergaard"]
[Black "Nielsen, Jorgen Kamp"]
[Result "0-1"]
[WhiteElo "1622"]
[BlackElo "1432"]
[PlyCount "48"]
[EventDate "2007.??.??"]

1. e4 Nf6 2. Nc3 d5 3. e5 Ne4 4. Nxe4 dxe4 5. d4 exd3 6. Bxd3 Nc6 7. Bb5 Qxd1+
8. Kxd1 Bg4+ 9. f3 O-O-O+ 10. Ke1 Bd7 11. Bxc6 Bxc6 12. Be3 Rd5 13. Rd1 Rxe5
14. Kf2 e6 15. Ne2 Bc5 16. Nd4 Rxe3 17. Kxe3 e5 18. c3 Rd8 19. b3 exd4+ 20.
cxd4 Bb4 21. Rc1 Re8+ 22. Kf2 Bd2 23. Rc2 Be3+ 24. Kg3 Bxd4 0-1

[Event "K41 Aabent Mesterskab 2007-08"]
[Site "Valby"]
[Date "2008.01.29"]
[Round "6"]
[White "Hou, Mads"]
[Black "Eiholt, Bjarne"]
[Result "1-0"]
[WhiteElo "1465"]
[BlackElo "1538"]
[PlyCount "196"]
[EventDate "2007.??.??"]

1. d4 d5 2. c4 e6 3. Nc3 Nf6 4. Bg5 Be7 5. e3 O-O 6. c5 a5 7. Nf3 b6 8. cxb6
cxb6 9. Bd3 Nc6 10. a3 Bb7 11. Qc2 h6 12. Bf4 Rc8 13. Qe2 Nh5 14. Bg3 Nxg3 15.
hxg3 e5 16. Bf5 Rb8 17. dxe5 Bc8 18. Bxc8 Rxc8 19. Rd1 Bc5 20. Rxd5 Qe8 21. O-O
Ne7 22. Rd3 Rd8 23. Rxd8 Qxd8 24. Rd1 Qa8 25. Na4 Qc6 26. Nxc5 Qxc5 27. Qd3 Nc6
28. Qd6 Rd8 29. Qxd8+ Nxd8 30. Rxd8+ Kh7 31. Rd2 Qc1+ 32. Kh2 g5 33. g4 Qc8 34.
Kg3 Qc1 35. Kh2 b5 36. Re2 Qc4 37. Nd4 Qd5 38. f4 gxf4 39. Nf5 Qxe5 40. Kh3 h5
41. e4 hxg4+ 42. Kxg4 b4 43. axb4 axb4 44. Kf3 b3 45. Rd2 Qc7 46. Nd4 Qc1 47.
Nxb3 Qf1+ 48. Kg4 Qc4 49. Nd4 Qb4 50. Nf3 Qb8 51. e5 Qb4 52. Kf5 Kg7 53. Kg5
Qe4 54. Kg4 Qb4 55. Kf5 Qc4 56. Ng5 Qb4 57. Ne4 Qb6 58. Kxf4 Qh6+ 59. Kf3 Qh5+
60. Kf4 Qh6+ 61. Kf3 Qh5+ 62. g4 Qxe5 63. Rg2 Qd5 64. Rd2 Qb3+ 65. Kf4 Qb8+ 66.
Kg5 Qb5+ 67. Kf4 Qf1+ 68. Rf2 Qc1+ 69. Kf3 Qh1+ 70. Ke3 Qe1+ 71. Kf4 Qc1+ 72.
Rd2 Qf1+ 73. Kg5 Qh1 74. Kf4 Qf1+ 75. Ke3 Qg1+ 76. Nf2 Qg3+ 77. Ke2 Qe5+ 78.
Kd1 Qg3 79. Kc1 Qc7+ 80. Rc2 Qf4+ 81. Kb1 Qb4 82. Rc3 Qf4 83. Rc2 Qd4 84. b3
Qb4 85. Ka2 Qa5+ 86. Kb1 Qe1+ 87. Kb2 Qe5+ 88. Kc1 Qe1+ 89. Nd1 Qe5 90. Nc3
Qe1+ 91. Kb2 Qe5 92. Re2 Qf4 93. Re4 Qd2+ 94. Ka3 Qxc3 95. Rc4 Qa1+ 96. Kb4
Qe1+ 97. Kb5 Qe5+ 98. Ka4 Qe8+ 1-0

[Event "K41 Aabent Mesterskab 2007-08"]
[Site "Valby"]
[Date "2008.01.29"]
[Round "6"]
[White "Jorgensen, Kasper Moller"]
[Black "Brorsen, Jacob Abildlund"]
[Result "1-0"]
[WhiteElo "1965"]
[BlackElo "1804"]
[PlyCount "57"]
[EventDate "2007.??.??"]

1. e4 c5 2. Nf3 d6 3. d4 cxd4 4. Nxd4 Nf6 5. Nc3 a6 6. Bg5 e6 7. f4 Qc7 8. Bxf6
gxf6 9. Qd2 Bd7 10. O-O-O Nc6 11. Kb1 O-O-O 12. f5 Kb8 13. Nxc6+ Qxc6 14. Qd4
Be7 15. Be2 h5 16. Bf3 Qc7 17. h4 Bc6 18. Qd3 b5 19. Qe3 Bf8 20. Qf2 Rc8 21.
Ne2 exf5 22. Ng3 fxe4 23. Nxe4 f5 24. Nc3 b4 25. Nd5 Bxd5 26. Rxd5 Bg7 27. Qd2
Qc4 28. Rxd6 Rh6 29. Rxh6 1-0

[Event "K41 Aabent Mesterskab 2007-08"]
[Site "Valby"]
[Date "2008.01.29"]
[Round "6"]
[White "Jorgensen, Orla Eilegaard"]
[Black "Lichtenberg, Ivan"]
[Result "1-0"]
[WhiteElo "1447"]
[BlackElo "1244"]
[PlyCount "70"]
[EventDate "2007.??.??"]

1. f4 d5 2. Nf3 Nf6 3. e3 e6 4. b3 Be7 5. Bb2 O-O 6. Nc3 a6 7. d3 c5 8. h3 Nc6
9. g4 b5 10. g5 Ne8 11. h4 f6 12. Ne2 f5 13. h5 Ra7 14. h6 g6 15. Nh4 Kf7 16.
Nxg6 hxg6 17. h7 Ng7 18. Ng3 Rh8 19. Bg2 Bd7 20. Qd2 d4 21. exd4 cxd4 22. Qf2
Bb4+ 23. Kf1 Bc3 24. Bxc3 dxc3 25. Bxc6 Bxc6 26. Qxa7+ Qe7 27. Qxe7+ Kxe7 28.
Rh6 Kf7 29. a3 Ne8 30. Ne2 Nc7 31. Nxc3 Kg7 32. Re1 Rxh7 33. Rxh7+ Kxh7 34. Re5
Kg7 35. Rc5 Nd5 1-0

[Event "K41 Aabent Mesterskab 2007-08"]
[Site "Valby"]
[Date "2008.01.29"]
[Round "6"]
[White "Kristensen, Steffen Michael"]
[Black "Krogh, Soren"]
[Result "1/2-1/2"]
[WhiteElo "1159"]
[BlackElo "1087"]
[PlyCount "79"]
[EventDate "2007.??.??"]

1. e4 c6 2. d4 d5 3. Nc3 dxe4 4. Nxe4 Bf5 5. Qd3 Qd5 6. f3 e6 7. c4 Qd7 8. Bd2
Be7 9. h4 h6 10. O-O-O Na6 11. Qe3 Nf6 12. Nxf6+ Bxf6 13. Bd3 Bxd3 14. Qxd3
O-O-O 15. Be3 Qc7 16. Kb1 Rd7 17. Ne2 Rhd8 18. Qb3 Qa5 19. Bd2 Qf5+ 20. Qc2
Qxc2+ 21. Kxc2 Bxd4 22. a3 e5 23. Ng3 Nc5 24. b4 Bf2 25. Nf5 Ne6 26. Be3 Bxe3
27. Nxe3 g5 28. Rxd7 Rxd7 29. hxg5 hxg5 30. Rh8+ Kc7 31. Kc3 Nf4 32. Ng4 Nxg2
33. Nxe5 Re7 34. Kd4 f5 35. Rg8 Ne1 36. Rxg5 Nc2+ 37. Kc3 Rxe5 38. Kxc2 Kd7 39.
Kd3 c5 40. Rg7+ 1/2-1/2

[Event "K41 Aabent Mesterskab 2007-08"]
[Site "Valby"]
[Date "2008.01.29"]
[Round "6"]
[White "Lofberg, Jan"]
[Black "Christensen, Esben"]
[Result "1-0"]
[WhiteElo "1918"]
[BlackElo "1984"]
[PlyCount "95"]
[EventDate "2007.??.??"]

1. e4 c5 2. Nc3 e6 3. Nf3 a6 4. a4 Qc7 5. g3 b6 6. Bg2 Bb7 7. O-O Nc6 8. d3 d6
9. Ng5 Nf6 10. f4 h6 11. Nh3 Nd4 12. Ne2 Nxe2+ 13. Qxe2 g6 14. f5 gxf5 15. exf5
e5 16. Nf4 h5 17. Bxb7 Qxb7 18. Ng2 Be7 19. Bd2 Kd7 20. b4 h4 21. Nxh4 Rxh4 22.
gxh4 Rg8+ 23. Bg5 cxb4 24. Rae1 Qc6 25. d4 Nd5 26. f6 Bxf6 27. Qg4+ Kc7 28.
dxe5 dxe5 29. Re4 b5 30. axb5 axb5 31. Qf5 Rg6 32. Rxe5 Bxe5 33. Qxe5+ Kb6 34.
Rxf7 Qc5+ 35. Kh1 Rd6 36. Qa1 Nc7 37. Qg1 Qxg1+ 38. Kxg1 Nd5 39. Rf8 Rd7 40.
Rf5 Nc3 41. h5 Ne4 42. h4 Ka5 43. h6 Ka4 44. Re5 Rd1+ 45. Kg2 Nxg5 46. Rxg5 Rd8
47. h7 Rh8 48. Rg8 1-0

[Event "K41 Aabent Mesterskab 2007-08"]
[Site "Valby"]
[Date "2008.01.29"]
[Round "6"]
[White "Marshall, Michael"]
[Black "Walli, Aqil Raad"]
[Result "0-1"]
[WhiteElo "1814"]
[BlackElo "1660"]
[PlyCount "76"]
[EventDate "2007.??.??"]

1. d4 d5 2. Nf3 e6 3. e3 Nf6 4. Bd3 Nbd7 5. b3 Be7 6. Nbd2 a6 7. Bb2 b5 8. O-O
Bb7 9. a4 c6 10. Qe2 O-O 11. e4 dxe4 12. Nxe4 Nd5 13. Qd2 Qc7 14. Rfe1 bxa4 15.
Rxa4 a5 16. g3 N7b6 17. Raa1 a4 18. Nc5 axb3 19. cxb3 Nd7 20. b4 N7b6 21. Ne5
Bxc5 22. dxc5 Na4 23. Bd4 f6 24. Nc4 e5 25. Nxe5 fxe5 26. Bxe5 Qd7 27. Qd1 Qf7
28. f4 Nxb4 29. Bxh7+ Kh8 30. Qd4 Na2 31. Bd3 N2c3 32. f5 Kg8 33. Qh4 Nxc5 34.
Bc2 Rxa1 35. Rxa1 N5e4 36. Bxe4 Nxe4 37. Qxe4 c5 38. Qe3 Qd5 0-1

[Event "K41 Aabent Mesterskab 2007-08"]
[Site "Valby"]
[Date "2008.02.05"]
[Round "6"]
[White "Nielsen, Jens Holm"]
[Black "Jorgensen, Carina Eilegaard"]
[Result "1-0"]
[WhiteElo "1802"]
[BlackElo "1863"]
[PlyCount "59"]
[EventDate "2007.??.??"]

1. f4 f5 2. e4 fxe4 3. d3 exd3 4. Bxd3 Nf6 5. Nf3 d5 6. O-O g6 7. c4 d4 8. Ne5
Qd6 9. Qc2 Ng4 10. c5 Qf6 11. Qb3 Nxe5 12. fxe5 Qxe5 13. Bf4 Qe6 14. Bc4 Qf5
15. Bxc7 Qxc5 16. Bf7+ Kd7 17. Bf4 Nc6 18. Nd2 Kd8 19. Rac1 Qa5 20. Nc4 Qh5 21.
Ne5 Bh6 22. Qd5+ Kc7 23. Bxh6 e6 24. Qa5+ Kd6 25. Nxc6 bxc6 26. Qxh5 gxh5 27.
Bg7 Rd8 28. Bxd4 Ba6 29. Bc5+ Kc7 30. Rfd1 1-0

[Event "K41 Aabent Mesterskab 2007-08"]
[Site "Valby"]
[Date "2008.01.29"]
[Round "6"]
[White "Nielsen, John Holm"]
[Black "Jorgensen, Rasmus"]
[Result "0-1"]
[WhiteElo "1877"]
[BlackElo "1607"]
[PlyCount "48"]
[EventDate "2007.??.??"]

1. Nc3 Nf6 2. e4 d6 3. d4 g6 4. Nf3 Bg7 5. Be3 O-O 6. Qd2 a6 7. h3 b5 8. Bd3
Bb7 9. a3 Nbd7 10. O-O-O c5 11. dxc5 Nxc5 12. Bxc5 dxc5 13. Qe3 b4 14. Bxa6 Qb6
15. Na4 Qxa6 16. Nxc5 Qb6 17. Nxb7 Qxb7 18. Rd4 bxa3 19. bxa3 Rfc8 20. Rb4 Qc6
21. Nd4 Qxe4 22. Qxe4 Nxe4 23. Nb5 Nxf2 24. Rf1 Nd3+ 0-1

[Event "K41 Aabent Mesterskab 2007-08"]
[Site "Valby"]
[Date "2008.01.29"]
[Round "6"]
[White "Nielsen, Michael"]
[Black "Petersen, Steen Brustrup"]
[Result "1-0"]
[WhiteElo "2058"]
[BlackElo "2136"]
[PlyCount "113"]
[EventDate "2007.??.??"]

1. d4 Nf6 2. Bg5 Ne4 3. Bf4 c5 4. f3 Qa5+ 5. c3 Nf6 6. Nd2 cxd4 7. Nb3 Qb6 8.
Qxd4 Nc6 9. Qxb6 axb6 10. Nd4 e5 11. Nxc6 exf4 12. Nd4 Bc5 13. Nh3 Nd5 14. Kf2
Ra4 15. g3 Rxd4 16. cxd4 Bxd4+ 17. Ke1 Bxb2 18. Rd1 Ne3 19. Rd3 d5 20. Nxf4 d4
21. Bh3 Ke7 22. Bxc8 Rxc8 23. Kf2 g5 24. Ng2 Nd5 25. h4 h6 26. hxg5 hxg5 27.
Rb3 Rc2 28. Ne1 Rd2 29. Rd3 Rxd3 30. Nxd3 Bc3 31. Rh5 Bd2 32. f4 Nf6 33. Rh8
Ne4+ 34. Kf3 Nd6 35. fxg5 Bxg5 36. Nf4 Kd7 37. Rh5 f6 38. Rh7+ Kc6 39. Ne6 Be3
40. Nd8+ Kb5 41. Nxb7 Nc4 42. Ke4 Bf2 43. g4 Ne3 44. Rh1 Nc4 45. Kf5 Ne3+ 46.
Ke4 Nc4 47. Nd8 Kb4 48. Nc6+ Kc5 49. Ne7 Kb4 50. Nd5+ Ka3 51. Nxf6 Nd6+ 52. Kf3
Be3 53. Nd5 Bg5 54. Rh5 Nf7 55. Nxb6 Ne5+ 56. Ke4 Nxg4 57. Rxg5 1-0

[Event "K41 Aabent Mesterskab 2007-08"]
[Site "Valby"]
[Date "2008.01.29"]
[Round "6"]
[White "Nielsen, Soren Skovso"]
[Black "Nielsen, Jais Norgaard"]
[Result "1-0"]
[WhiteElo "1539"]
[BlackElo "1584"]
[PlyCount "65"]
[EventDate "2007.??.??"]

1. e4 e5 2. Nf3 Nc6 3. Bb5 a6 4. Ba4 Nf6 5. Nc3 b5 6. Bb3 b4 7. Ne2 Nxe4 8. Bd5
Nf6 9. Bxc6 dxc6 10. Nxe5 Qd5 11. Nf3 g5 12. d3 h6 13. O-O Bd6 14. c4 bxc3 15.
Nxc3 Qf5 16. Nd4 Qd7 17. Re1+ Kf8 18. Nf3 Kg7 19. Ne4 Nxe4 20. dxe4 Bb4 21.
Qxd7 Bxd7 22. Rd1 Bg4 23. Be3 Rhe8 24. h3 Bc8 25. Bd4+ f6 26. e5 f5 27. Rac1
Bb7 28. a3 Ba5 29. b4 Bb6 30. Bxb6 cxb6 31. Rd7+ Kg6 32. Rxb7 g4 33. Rxc6+ 1-0

[Event "K41 Aabent Mesterskab 2007-08"]
[Site "Valby"]
[Date "2008.01.29"]
[Round "6"]
[White "Petersen, Jan Han Il Nam"]
[Black "Ringsborg, Allan"]
[Result "1-0"]
[WhiteElo "1605"]
[BlackElo "1522"]
[PlyCount "43"]
[EventDate "2007.??.??"]

1. e4 e5 2. Nf3 Nf6 3. Nxe5 d6 4. Nf3 Nxe4 5. d4 d5 6. Be2 Be7 7. Be3 Nc6 8. c3
a6 9. O-O O-O 10. a4 Be6 11. b4 Na7 12. Nfd2 Nf6 13. g4 Ne4 14. f4 f5 15. Qb3
Kh8 16. g5 Bf7 17. Nxe4 dxe4 18. c4 Qd6 19. b5 axb5 20. axb5 Qb6 21. Qc3 Rad8
22. c5 1-0

[Event "K41 Aabent Mesterskab 2007-08"]
[Site "Valby"]
[Date "2008.01.29"]
[Round "6"]
[White "Truelsen, Ole Illum"]
[Black "Madsen, Poul Henrik"]
[Result "1/2-1/2"]
[WhiteElo "1821"]
[BlackElo "2100"]
[PlyCount "33"]
[EventDate "2007.??.??"]

1. c4 c6 2. Nf3 d5 3. e3 Nf6 4. Be2 e6 5. O-O Nbd7 6. d4 Bd6 7. Nc3 O-O 8. b3
e5 9. dxe5 Nxe5 10. cxd5 cxd5 11. Nxd5 Nxd5 12. Qxd5 Be6 13. Qxb7 Qf6 14. Nd4
Rab8 15. Qe4 Qh6 16. g3 f5 17. Qg2 1/2-1/2

[Event "K41 Aabent Mesterskab 2007-08"]
[Site "Valby"]
[Date "2008.02.19"]
[Round "7"]
[White "Brorsen, Jacob Abildlund"]
[Black "Abildgaard, Kenneth"]
[Result "1-0"]
[WhiteElo "1804"]
[BlackElo "1561"]
[PlyCount "49"]
[EventDate "2007.??.??"]

1. d4 Nf6 2. Nf3 g6 3. g3 Bg7 4. Bg2 d5 5. O-O O-O 6. c4 dxc4 7. Qc2 b5 8. Ne5
Nd5 9. Bd2 c6 10. a4 f6 11. Nf3 Bb7 12. Na3 a6 13. Rfd1 Nd7 14. e4 N5b6 15. Be3
Qc7 16. a5 Nc8 17. e5 fxe5 18. Ng5 Rf6 19. dxe5 Nxe5 20. Bf4 Rxf4 21. gxf4 Nd3
22. Rxd3 cxd3 23. Qb3+ e6 24. Qxe6+ Kh8 25. Qe8+ 1-0

[Event "K41 Aabent Mesterskab 2007-08"]
[Site "Valby"]
[Date "2008.02.19"]
[Round "7"]
[White "Christensen, Esben"]
[Black "Hansen, John Laurids"]
[Result "1-0"]
[WhiteElo "1984"]
[BlackElo "1660"]
[PlyCount "75"]
[EventDate "2007.??.??"]

1. e4 b6 2. d4 Bb7 3. Nc3 e6 4. Nf3 g6 5. Bd3 Bg7 6. O-O Ne7 7. Be3 h6 8. Qd2
a6 9. Rad1 d6 10. Ne2 Nd7 11. Nh4 g5 12. Nf3 Ng6 13. c4 O-O 14. Ng3 Qe7 15. h3
Kh7 16. Nh2 f6 17. f4 Rae8 18. f5 Nh4 19. fxe6 Qxe6 20. d5 Qe7 21. e5+ Kg8 22.
e6 Ne5 23. Bb1 f5 24. Qc2 Bh8 25. Nxf5 Nxf5 26. Rxf5 Rxf5 27. Qxf5 Rf8 28. Qe4
Bf6 29. b3 b5 30. Ng4 Nxg4 31. Qxg4 bxc4 32. bxc4 c6 33. Qe4 cxd5 34. cxd5 a5
35. Bd3 Rc8 36. Rb1 Be5 37. Qg6+ Bg7 38. Rf1 1-0

[Event "K41 Aabent Mesterskab 2007-08"]
[Site "Valby"]
[Date "2008.02.19"]
[Round "7"]
[White "Eiholt, Bjarne"]
[Black "Christensen, Aage Niels"]
[Result "0-1"]
[WhiteElo "1538"]
[BlackElo "1460"]
[PlyCount "54"]
[EventDate "2007.??.??"]

1. d4 Nf6 2. c4 g6 3. Nc3 d5 4. cxd5 Nxd5 5. e4 Nb6 6. Nf3 Bg7 7. Bd3 O-O 8.
Be3 Bg4 9. O-O Bxf3 10. Qxf3 Bxd4 11. Bxd4 Qxd4 12. Rfd1 Qe5 13. Rac1 Rd8 14.
Bb1 Nc6 15. Ne2 Qxb2 16. Qc3 Rxd1+ 17. Rxd1 Qxe2 18. Re1 Qc4 19. Qe3 Rd8 20. h4
Qd4 21. Qg3 Qd2 22. Rf1 Qe2 23. Qb3 Nd4 24. Qb4 Nc6 25. Qb3 e6 26. Bc2 Nd4 27.
Bd1 Qxf1+ 0-1

[Event "K41 Aabent Mesterskab 2007-08"]
[Site "Valby"]
[Date "2008.02.19"]
[Round "7"]
[White "Hou, Mads"]
[Black "Marshall, Michael"]
[Result "1-0"]
[WhiteElo "1465"]
[BlackElo "1814"]
[PlyCount "105"]
[EventDate "2007.??.??"]

1. e4 c5 2. Nf3 e6 3. d4 cxd4 4. Nxd4 Nc6 5. Nc3 Qc7 6. Ndb5 Qb8 7. Be3 a6 8.
Bb6 axb5 9. Nxb5 Qe5 10. Nc7+ Ke7 11. Nxa8 f5 12. Be2 fxe4 13. O-O Nf6 14. f4
exf3 15. Bxf3 Kf7 16. Kh1 Bd6 17. Bg1 Bc7 18. Nxc7 Qxc7 19. Bh5+ g6 20. Bf3 Kg7
21. Qd2 Ne5 22. Bd4 Rf8 23. Qc3 Qxc3 24. Bxc3 Nc6 25. a4 d6 26. a5 d5 27. b4
Na7 28. Be2 Bd7 29. Be5 Nc6 30. Bxf6+ Rxf6 31. Rxf6 Kxf6 32. c3 Na7 33. a6 b5
34. Rf1+ Ke7 35. h4 Be8 36. g4 e5 37. Kg2 Bd7 38. Kf2 Be8 39. Ke3 Bd7 40. g5
Bf5 41. Bd3 Bd7 42. Rf6 Be6 43. Be2 Bd7 44. Rb6 Bc6 45. Rb8 Kf7 46. Bg4 Kg7 47.
Bc8 Kf7 48. Bb7 Ke6 49. Bxc6 Nxc6 50. Rb7 d4+ 51. Kd2 Kd5 52. a7 Nxa7 53. Rxa7
1-0

[Event "K41 Aabent Mesterskab 2007-08"]
[Site "Valby"]
[Date "2008.02.19"]
[Round "7"]
[White "Jorgensen, Carina Eilegaard"]
[Black "Hoj, Torben Kjaergaard"]
[Result "1-0"]
[WhiteElo "1863"]
[BlackElo "1622"]
[PlyCount "91"]
[EventDate "2007.??.??"]

1. f4 d5 2. Nf3 Nf6 3. g3 g6 4. Bg2 Bg7 5. O-O O-O 6. d3 c6 7. c3 Re8 8. Qc2
Bg4 9. h3 Bxf3 10. Bxf3 Nbd7 11. Kh2 e5 12. Bg2 Nh5 13. f5 e4 14. fxg6 hxg6 15.
dxe4 Qc7 16. Bf4 Nxf4 17. gxf4 dxe4 18. Bxe4 Nf6 19. Nd2 Re7 20. Rf3 Nh5 21. e3
Rae8 22. Re1 g5 23. Kg2 gxf4 24. Bh7+ Kh8 25. Qf5 Re5 26. Qd3 Rg5+ 27. Kf2
fxe3+ 28. Rexe3 Qh2+ 29. Ke1 Rxe3+ 30. Rxe3 Nf6 31. Bf5 Bh6 32. Re7 Rg1+ 33.
Nf1 Rxf1+ 34. Kxf1 Kg7 35. Rxb7 Bd2 36. Qf3 Qe5 37. Qg2+ Kf8 38. Qxd2 Qxf5+ 39.
Kg2 Qg6+ 40. Kh2 Ne4 41. Qf4 Ng5 42. Rxa7 Qc2+ 43. Kg3 Qg6 44. Ra8+ Kg7 45.
Qd4+ f6 46. Ra7+ 1-0

[Event "K41 Aabent Mesterskab 2007-08"]
[Site "Valby"]
[Date "2008.02.19"]
[Round "7"]
[White "Jorgensen, Rasmus"]
[Black "Jorgensen, Kasper Moller"]
[Result "1-0"]
[WhiteElo "1607"]
[BlackElo "1965"]
[PlyCount "55"]
[EventDate "2007.??.??"]

1. e4 c5 2. b3 d6 3. Bb2 Nf6 4. Bb5+ Bd7 5. Bxd7+ Nbxd7 6. d3 e6 7. Ne2 Be7 8.
O-O d5 9. exd5 exd5 10. d4 c4 11. bxc4 dxc4 12. Nd2 Nb6 13. a4 Rc8 14. Re1 O-O
15. Nf3 Nbd5 16. Ne5 Bb4 17. c3 Ba5 18. Qc2 Re8 19. Ng3 Nd7 20. Nf5 N7b6 21.
Re4 f6 22. Nh6+ Kf8 23. Ba3+ Ne7 24. Nef7 Qd7 25. Rxe7 Rxe7 26. Re1 Rce8 27.
Qxh7 gxh6 28. Nh8 1-0

[Event "K41 Aabent Mesterskab 2007-08"]
[Site "Valby"]
[Date "2008.02.19"]
[Round "7"]
[White "Krogh, Soren"]
[Black "Hansen, Soren Otto"]
[Result "0-1"]
[WhiteElo "1087"]
[BlackElo "1541"]
[PlyCount "56"]
[EventDate "2007.??.??"]

1. b3 e5 2. Bb2 Nc6 3. e3 d5 4. Bb5 Bd6 5. Ne2 Nf6 6. d3 O-O 7. Nd2 Ne7 8. c4
c6 9. Ba4 Bd7 10. a3 b5 11. cxd5 cxd5 12. d4 e4 13. O-O Ng6 14. Ng3 bxa4 15.
bxa4 Ng4 16. h3 Nxe3 17. fxe3 Bxg3 18. Qh5 Bxa4 19. Rf5 Qb6 20. Bc3 Qc7 21. Rc1
Nh4 22. Rxd5 g6 23. Qh6 f6 24. Nxe4 Qc6 25. Nxg3 Qxd5 26. Qxh4 Rac8 27. e4 Qb3
28. Ne2 Bb5 0-1

[Event "K41 Aabent Mesterskab 2007-08"]
[Site "Valby"]
[Date "2008.02.19"]
[Round "7"]
[White "Laursen, Niels Norskov"]
[Black "Nielsen, Soren Skovso"]
[Result "1-0"]
[WhiteElo "2170"]
[BlackElo "1539"]
[PlyCount "91"]
[EventDate "2007.??.??"]

1. e4 e5 2. Nf3 Nf6 3. Nxe5 d6 4. Nf3 Nxe4 5. Nc3 Nxc3 6. dxc3 Be7 7. Bf4 Bd7
8. Qd2 O-O 9. Be2 Nc6 10. O-O-O Bf6 11. h3 Re8 12. g4 Qe7 13. Rhe1 Qe4 14. Kb1
Qa4 15. Nd4 Nxd4 16. cxd4 Re4 17. Bb5 Qxd4 18. Qxd4 Rxd4 19. Rxd4 Bxd4 20. Bxd7
Bxf2 21. Re2 Bb6 22. Re8+ Rxe8 23. Bxe8 Kf8 24. Bd7 Bf2 25. Bc8 b6 26. c3 h6
27. Kc2 Bh4 28. Kd3 Ke7 29. Ke4 a5 30. Kd5 Kd8 31. Bf5 Bf6 32. a4 Bh4 33. Bd3
Bf6 34. Bb5 Bh4 35. Bc6 Bf6 36. Bd2 Bh4 37. b4 Bf2 38. Kc4 axb4 39. cxb4 Ke7
40. Bc3 f6 41. a5 bxa5 42. bxa5 Kd8 43. Kd5 Kc8 44. Ke6 Bg3 45. Bd4 Be5 46. Bf2
1-0

[Event "K41 Aabent Mesterskab 2007-08"]
[Site "Valby"]
[Date "2008.02.19"]
[Round "7"]
[White "Lofberg, Jan"]
[Black "Brondum, Eric"]
[Result "0-1"]
[WhiteElo "1918"]
[BlackElo "2111"]
[PlyCount "50"]
[EventDate "2007.??.??"]

1. d4 g6 2. c4 d6 3. Nc3 Bg7 4. e4 Nf6 5. Be2 O-O 6. h4 h5 7. Bg5 c5 8. e5 cxd4
9. exf6 exf6 10. Ne4 fxg5 11. Nxg5 Nc6 12. g4 hxg4 13. Bxg4 Bxg4 14. Qxg4 Ne5
15. Qg2 Nxc4 16. h5 Qa5+ 17. Kf1 Nd2+ 18. Ke2 Rfe8+ 19. Kd1 Nc4 20. N1f3 Nxb2+
21. Kc1 Rac8+ 22. Kb1 Qf5+ 23. Kxb2 Qc2+ 24. Ka3 Rc3+ 25. Kb4 Qb2+ 0-1